|
|
|
|
| LEADER |
00000nrm a22000007a 4500 |
| 001 |
042618 |
| 003 |
UAHC_CL |
| 005 |
20221123111639.0 |
| 008 |
141120b xx 000 1 spa |
| 040 |
|
|
|a UAHC_CL
|c UAHC_CL
|d UAHC_CL
|
| 245 |
1 |
0 |
|a Salas Grupales.
|
| 900 |
|
|
|a SALAS GRUPALES
|
| 942 |
|
|
|c OM
|
| 952 |
|
|
|0 0
|1 0
|4 0
|6 SALAS_GRUPALES1
|7 0
|9 79482
|a BC
|b BC
|d 2017-08-03
|l 3595
|m 27
|o SALAS GRUPALES-1
|p 20112014
|r 2026-05-04 18:41:16
|s 2026-05-04
|w 2017-08-03
|y OM
|
| 952 |
|
|
|0 0
|1 0
|4 0
|6 SALAS_GRUPALES2
|7 0
|9 79483
|a BC
|b BC
|d 2017-08-03
|l 3310
|m 44
|o SALAS GRUPALES-2
|p 20112015
|r 2026-05-04 20:04:35
|s 2026-05-04
|w 2017-08-03
|y OM
|
| 952 |
|
|
|0 0
|1 0
|2 ddc
|4 0
|6 SALAS_GRUPALES3
|7 0
|9 79484
|a BC
|b BC
|d 2017-08-03
|l 3039
|m 30
|o SALAS GRUPALES-3
|p 20112016
|r 2026-05-04 20:08:05
|s 2026-05-04
|w 2017-08-03
|x Pedir que se cierre la ventana para evitar hurtos desde el pabellón.
|y OM
|
| 952 |
|
|
|0 0
|1 0
|2 ddc
|4 0
|6 SALAS_GRUPALES4
|7 0
|9 96024
|a BC
|b BC
|d 2022-10-28
|l 978
|m 23
|o SALAS GRUPALES-4
|p 20112017
|r 2026-05-04 21:26:52
|s 2026-05-04
|w 2022-10-28
|x Pedir que se cierre la ventana para evitar hurtos desde el pabellón.
|y OM
|
| 952 |
|
|
|0 0
|1 0
|2 ddc
|4 0
|6 SALA_GRUPAL_ALAMEDA1
|7 0
|9 97817
|a BR
|b BR
|d 2023-03-20
|l 687
|m 20
|o SALA GRUPAL ALAMEDA-1
|p 20230320
|r 2026-05-04 21:01:09
|s 2026-05-04
|w 2023-03-20
|y OM
|
| 952 |
|
|
|0 0
|1 0
|2 ddc
|4 0
|6 SALAS_GRUPALES_SALUD2
|7 0
|9 97818
|a BS
|b BS
|d 2023-03-20
|l 569
|m 17
|o SALAS GRUPALES SALUD-2
|p 20230321
|r 2024-12-12 14:13:24
|s 2024-12-12
|w 2023-03-20
|y OM
|
| 952 |
|
|
|0 0
|1 0
|2 ddc
|4 0
|6 SALAS_GRUPALES_SALUD3
|7 0
|9 97819
|a BS
|b BR
|d 2023-03-20
|l 467
|m 9
|o SALAS GRUPALES SALUD-3
|p 20230322
|r 2025-11-24 21:22:53
|s 2025-11-19
|w 2023-03-20
|y OM
|
| 952 |
|
|
|0 0
|1 0
|4 0
|6 SALAS_GRUPALES_SALUD4
|7 0
|9 97820
|a BS
|b BS
|d 2023-03-20
|l 415
|m 3
|o SALAS GRUPALES SALUD-4
|p 20230323
|r 2024-12-12 14:13:36
|s 2024-12-12
|w 2023-03-20
|y OM
|
| 952 |
|
|
|0 0
|1 0
|4 0
|6 SALAS_GRUPALES_SALUD5
|7 0
|9 97821
|a BS
|b BS
|d 2023-03-20
|l 43
|m 1
|o SALAS GRUPALES SALUD-5
|p 20230324
|r 2024-12-02 09:09:52
|s 2024-11-29
|w 2023-03-20
|y OM
|
| 952 |
|
|
|0 0
|1 0
|4 0
|6 SALA_LITERATURA
|7 0
|9 99624
|a BC
|b BC
|d 2017-08-03
|l 92
|m 5
|o SALA LITERATURA
|p 20112019
|r 2026-04-28 16:33:25
|s 2026-04-28
|w 2017-08-03
|y OM
|
| 952 |
|
|
|0 0
|1 0
|2 ddc
|4 0
|6 SALAS_GRUPALES5
|7 0
|9 101981
|a BC
|b BC
|d 2026-04-13
|l 31
|o SALAS GRUPALES-5
|p 20112018
|r 2026-05-04 14:01:39
|s 2026-05-04
|w 2026-04-13
|y OM
|
| 999 |
|
|
|c 42618
|d 42618
|